000 00303nam a2200133Ia 4500
100 _aMehta/v.k./ Mehta/Rohit
942 _cBK
366 _f10
245 _aPrinciples of electrical engineering
260 _bS.Chand & Co.
_a2009
_c2009
082 _a621.3/MEH/MEH
300 _a656
546 _aENGLISH
999 _c31646
_d31646